000 00491nam a2200181Ia 4500
005 20250923144240.0
008 008 250917s9999 xx 000 0 eng d
037 _aTextual
040 _aDSWL
_beng
_cDSWL
041 _aeng
_2eng
084 _aQ6:4146, H6
_qDSWL
100 _aFosdick, H.E
_9822821
245 0 _aMeaning of prayer
_cby H.E Fosdick
260 _aNew York
_c1946
300 _a196 p.
942 _cTEXL
_hQ6:4146, H6
999 _c1436569
_d1436569